000 00572nam a2200193Ia 4500
005 20250508152159.0
008 008 250505s9999 xx 000 0 eng d
037 _aTextual
040 _aFEDL
_beng
_cFEDL
041 _aeng
_2eng
084 _a158, MCK
_qFEDL
100 _aMcKinney Fred
245 0 _aPsychology of personal adjustment : Student's introducation to mental hygiene
260 _aNew York, USA
_bJohn Wiley and Sons
_c1949
300 _axi,752p.
650 _aApplied Psychology
942 _cTEXL
_h158, MCK
999 _c1334798
_d1334798